| 000 | 00877 a2200229 4500 | ||
|---|---|---|---|
| 001 | 41095 | ||
| 005 | 20260407155704.0 | ||
| 008 | 260407a2007 arg spa d | ||
| 003 | AR-UNSa-BCEJYS | ||
| 040 |
_aAR-UNSa-BCEJYS _bspa _cAR-UNSa-BCEJYS |
||
| 080 |
_a347.72 _xSociedades comerciales |
||
| 245 | 1 | 0 |
_aReglamentos internos de las sociedades comerciales _pteoría y práctica |
| 020 | _a978-950-894-623-2 | ||
| 264 | 1 |
_aBuenos Aires : _bAD-HOC _c2007 |
|
| 300 |
_a220 p. _c23 cm. |
||
| 505 | _a1. El reglamento interno de las sociedades. Análisis de su teoría y principios generales - 2. Aplicación del reglamento a algunos casos concretos - | ||
| 041 | _aspa | ||
| 942 | _cBK | ||
| 590 | _aniveau_biblio:m niveau_hierar:0 | ||
| 100 | 1 | _aMarinelli, José Luis | |
| 856 | 4 | 1 |
_uhttps://biblioeco.unsa.edu.ar/pmb/images/libros/L126361.jpg _yImagen de portada _qimage/jpeg |
| 999 |
_c3363 _d3363 |
||